Care and treatment of the mentally ill in the United States: historical developments and reforms

Guardado en:  
Detalles Bibliográficos
Autores principales: Morrissey, J. P. (Autor) ; Goldman, H. H. (Autor)
Tipo de documento: Print Artículo
Lenguaje:Inglés
Publicado: 1986
En: The annals of the American Academy of Political and Social Science
Año: 1986, Volumen: 484, Páginas: 12-27
Verificar disponibilidad: HBZ Gateway
Palabras clave:

MARC

LEADER 00000caa a22000002c 4500
001 1633588475
003 DE-627
005 20220607141542.0
007 tu
008 131031s1986 xx ||||| 00| ||eng c
035 |a (DE-627)1633588475 
035 |a (DE-576)395149606 
035 |a (DE-599)BSZ395149606 
040 |a DE-627  |b ger  |c DE-627  |e rakwb 
041 |a eng 
100 1 |a Morrissey, J. P.  |4 aut 
245 1 0 |a Care and treatment of the mentally ill in the United States  |b historical developments and reforms  |c J. P. Morrissey; H. H. Goldman 
264 1 |c 1986 
336 |a Text  |b txt  |2 rdacontent 
337 |a ohne Hilfsmittel zu benutzen  |b n  |2 rdamedia 
338 |a Band  |b nc  |2 rdacarrier 
700 1 |a Goldman, H. H.  |4 aut 
773 0 8 |i In  |a American Academy of Political and Social Science  |t The annals of the American Academy of Political and Social Science  |d Thousand Oaks, Calif. [u.a.] : Sage Publ., 1890  |g 484(1986), Seite 12-27  |w (DE-627)129060461  |w (DE-600)328-1  |w (DE-576)014391163  |x 0002-7162  |7 nnas 
773 1 8 |g volume:484  |g year:1986  |g pages:12-27 
951 |a AR 
ELC |b 1 
LOK |0 000 xxxxxcx a22 zn 4500 
LOK |0 001 328739259X 
LOK |0 003 DE-627 
LOK |0 004 1633588475 
LOK |0 005 20260202153607 
LOK |0 008 131031||||||||||||||||ger||||||| 
LOK |0 040   |a DE-21-110  |c DE-627  |d DE-21-110 
LOK |0 689   |a s  |a Geisteskranke Straftäter 
LOK |0 852   |z Kein Bestand am IfK; Nachweis für KrimDok 
LOK |0 852   |a DE-21-110 
LOK |0 852 1  |m v  |9 00 
LOK |0 935   |a k110 
LOK |0 938   |k v 
LOK |0 939   |a 31-10-13  |b l01 
ORI |a SA-MARC-krimdoka001.raw